| 000 | 00785nas a2200241 i 4500 | ||
|---|---|---|---|
| 001 | 2326 | ||
| 003 | ES-MaACL | ||
| 005 | 20250803062530.0 | ||
| 007 | t| | ||
| 008 | 950801c1983 sp f| | 1 ||pa d | ||
| 022 | _a0212-4025 | ||
| 080 | _a93/99 | ||
| 245 | 0 | 0 |
_aTrienio, ilustración y liberalismo _b: revista de historia / _cdir. Alberto Gil Novales. |
| 260 |
_aMadrid : _b[s.n.], _c1983- |
||
| 300 |
_a8 v. ; _c22 cm. |
||
| 310 | _aSemestral | ||
| 362 | 0 | _aNº 1 (mayo 1983)- | |
| 650 | 1 | 7 |
_aHistoria _2embne _9179933 |
| 700 | 0 |
_aGil Novales, Alberto, _d1930-2016 _956851 |
|
| 852 |
_aES-MaACL _jHEM-H-483 _xOlim: Hem-1706 |
||
| 866 | 4 | 1 | _o1983-1986 (1987 f.n10) 1988-89 (1990-91 f.n16-17), 1993-94 (1995 f.n25) (1996 f.n27) 1997, (1999 f.n33) 2000. |
| 999 |
_c2326 _d2326 |
||